书目信息 |
| 题名: |
旧城改造与城市社会空间重构
|
|
| 作者: | 田艳平 著 | |
| 分册: | ||
| 出版信息: | 北京 北京大学出版社 2009.03 |
|
| 页数: | 160页 | |
| 开本: | 23cm | |
| 丛书名: | 中南财经政法大学青年学术文库 | |
| 单 册: | ||
| 中图分类: | D669.3 , TU984.263.1 | |
| 科图分类: | ||
| 主题词: | 城市社会学--研究--武汉市 , 旧城改造--城市规划--研究--武汉市 , 城市社会学 , 旧城改造 , 城市规划 | |
| 电子资源: | ||
| ISBN: | 978-7-301-14987-4 | |
| 000 | 01469oam2 2200349 450 | |
| 001 | 010010022892 | |
| 005 | 20091208144457.37 | |
| 010 | @a978-7-301-14987-4@dCNY19.00 | |
| 100 | @a20090416d2009 em y0chiy0110 ea | |
| 101 | 0 | @achi@deng |
| 102 | @aCN@b110000 | |
| 105 | @aak z 000yy | |
| 106 | @ar | |
| 200 | 1 | @a旧城改造与城市社会空间重构@9jiu cheng gai zao yu cheng shi she hui kong jian chong gou@e以武汉市为例@f田艳平著 |
| 210 | @a北京@c北京大学出版社@d2009.03 | |
| 215 | @a160页@c图@d23cm | |
| 225 | 2 | @a中南财经政法大学青年学术文库 |
| 300 | @a本书由中南财经大学出版基金资助 | |
| 312 | @a封面英文题名:Urban renewal and socio-spatial restructuring: evidence from Wuhan city | |
| 330 | @a本书以我国城市旧城改造为切入点,采取理论与实证研究相结合的办法,研究转型期我国旧城改造对人口迁移、产业结构调整、不同利益群体住房及空间分布上的影响,探索城市社会分层、社会空间分异产生的深层原因,为城市规划与管理决策提供有益借鉴,以更好地促进城市的发展。 | |
| 461 | 0 | @12001 @a中南财经政法大学青年学术文库@1701 0@a张中华@4主编 |
| 510 | 1 | @aUrban renewal and socio-spatial restructuring@eevidence from Wuhan city@zeng |
| 606 | 0 | @a城市社会学@x研究@y武汉市 |
| 606 | 0 | @a旧城改造@x城市规划@x研究@y武汉市 |
| 606 | 0 | @a城市社会学 |
| 606 | 0 | @a旧城改造 |
| 606 | 0 | @a城市规划 |
| 690 | @aD669.3@v4 | |
| 690 | @aTU984.263.1@v4 | |
| 701 | 0 | @a田艳平@9tian yan ping@f(1972~)@4著 |
| 801 | 0 | @aCN@bRENTIAN@c20091208 |
| 905 | @b20795063-68@dD669.3@e110@f6 | |
| 旧城改造与城市社会空间重构:以武汉市为例/田艳平著.-北京:北京大学出版社,2009.03 |
| 160页:图;23cm.-(中南财经政法大学青年学术文库) |
| 本书由中南财经大学出版基金资助 |
| ISBN 978-7-301-14987-4:CNY19.00 |
| 本书以我国城市旧城改造为切入点,采取理论与实证研究相结合的办法,研究转型期我国旧城改造对人口迁移、产业结构调整、不同利益群体住房及空间分布上的影响,探索城市社会分层、社会空间分异产生的深层原因,为城市规划与管理决策提供有益借鉴,以更好地促进城市的发展。 |
| ● |
| 相关链接 |
|
|
|
|
正题名:旧城改造与城市社会空间重构
索取号:D669.3/110
 
预约/预借
| 序号 | 登录号 | 条形码 | 馆藏地/架位号 | 状态 | 备注 |
| 1 | 795063 | 207950635 | 第一样本阅览室/ [索取号:D669.3/110] | 在馆 | |
| 2 | 795064 | 207950644 | 第一借阅区/ [索取号:D669.3/110] | 在馆 | |
| 3 | 795065 | 207950653 | 第一借阅区/ [索取号:D669.3/110] | 在馆 | |
| 4 | 795066 | 207950662 | 第一借阅区/ [索取号:D669.3/110] | 在馆 | |
| 5 | 795067 | 207950671 | 第一借阅区/ [索取号:D669.3/110] | 在馆 | |
| 6 | 795068 | 207950680 | 密集书库-资源管理系/ [索取号:D669.3/110] | 在馆 |